00906nam a2200241 i 4500001001000000003000900010005001700019007000300036008004100039040003000080049000900110082001400119100004000133245006200173264007900235300002800314336002600342337003300368338002800401942001400429952020400443999001700647000032452DO-SdBNP20240109120955.0ta110718s1929 dr 000 0 spa d aDO-SdBNPbspacBNPHUerda aBNPD 4bM516h222 aMejía, Abigail,d1895-194192723710aHistoria de la literatura dominicana. /cAbigail Mejía. aCiudad Trujillo], República Dominicana :beditor no identificado,c1929. a136 páginas ;c22 cm. 2rdaconentatextobtxt 2rdamediaasin mediaciónbn 2rdacarrieravolumenbnc 2ddccLBS1 00102ddc51708PDaBNPHUbBNPHUcBPd2011-07-18eDonaciónl0oBNPHU RV-PD M516hp32452-10r2020-06-25w2020-06-25yLBS1zPerteneció a la biblioteca personal de Julio Ortega Frier.ZNo se presta c31943d31943